[Event "Montreal 6th"]
[Site "Montreal"]
[Date "2005.08.03"]
[Round "1"]
[White "Golod, Vitali"]
[Black "Nataf, Igor Alexandre"]
[Result "0-1"]
[WhiteElo "2582"]
[BlackElo "2583"]
[PlyCount "102"]
[EventDate "2005.08.03"]
[EventType "tourn"]
[EventRounds "11"]
[EventCountry "CAN"]
[EventCategory "12"]
[Source "ChessBase"]
[SourceDate "2005.09.06"]

1. Nf3 Nf6 2. c4 g6 3. Nc3 Bg7 4. e4 d6 5. d4 O-O 6. Be2 e5 7. d5 a5 8. Bg5 Na6
9. Nd2 Qe8 10. a3 Bd7 11. b3 Kh8 12. O-O Ng8 13. b4 f5 14. exf5 axb4 15. axb4
gxf5 16. Bh5 Qb8 17. Rb1 Nf6 18. Be2 Qe8 19. c5 Qg6 20. Bh4 Rg8 21. g3 dxc5 22.
Bxa6 bxa6 23. bxc5 e4 24. c6 Be8 25. Nc4 Qh6 26. Qc1 Qxh4 27. gxh4 Bh6+ 28. Kh1
Bxc1 29. Rbxc1 Bh5 30. Ne5 Rae8 31. f4 Ng4 32. Nd7 e3 33. h3 e2 34. Nxe2 Rxe2
35. hxg4 Rxg4 36. Rfe1 Rxh4+ 37. Kg1 Rg4+ 38. Kh1 Rd2 39. Re3 Rxf4 40. Rg3 Bf3+
41. Kg1 Rg4 42. Rxg4 fxg4 43. Rc3 Bxd5 44. Nf6 Bf3 45. Ne8 h5 46. Nxc7 h4 47.
Nxa6 h3 48. Rxf3 gxf3 49. c7 Rc2 50. Nb4 h2+ 51. Kh1 f2 0-1

[Event "Montreal 6th"]
[Site "Montreal"]
[Date "2005.08.07"]
[Round "5"]
[White "Mikhalevski, Victor"]
[Black "Nataf, Igor Alexandre"]
[Result "1-0"]
[WhiteElo "2572"]
[BlackElo "2583"]
[PlyCount "117"]
[EventDate "2005.08.03"]
[EventType "tourn"]
[EventRounds "11"]
[EventCountry "CAN"]
[EventCategory "12"]
[Source "ChessBase"]
[SourceDate "2005.09.06"]

1. d4 Nf6 2. c4 g6 3. Nc3 Bg7 4. e4 d6 5. Be2 O-O 6. Nf3 e5 7. O-O Nc6 8. d5
Ne7 9. b4 Nh5 10. Re1 f5 11. Ng5 Nf6 12. Bf3 Rb8 13. b5 h6 14. Ne6 Bxe6 15.
dxe6 Qc8 16. Nd5 Qxe6 17. exf5 Nxf5 18. Nxf6+ Qxf6 19. Bxb7 Ne7 20. Bd5+ Nxd5
21. Qxd5+ Qf7 22. Qxf7+ Rxf7 23. Be3 c6 24. bxc6 Rc8 25. Rab1 Rxc6 26. Rb8+ Kh7
27. Rd1 Bf6 28. Re8 Bg5 29. Bxg5 hxg5 30. Re6 Rxc4 31. Rexd6 Ra4 32. R1d2 g4
33. Re6 Re4 34. g3 Rb7 35. Kg2 Re1 36. h3 gxh3+ 37. Kxh3 e4 38. Kg4 Rf7 39. f4
Re3 40. Rdd6 Ra3 41. Rxg6 Rxa2 42. Rdf6 Rxf6 43. Rxf6 e3 44. Re6 e2 45. Kf3
Ra3+ 46. Kf2 a5 47. Rxe2 a4 48. Re6 Rb3 49. Ra6 a3 50. Kg2 Kg7 51. Kh3 Kf7 52.
Kh4 Rf3 53. Kg4 Rb3 54. f5 Ke7 55. Kf4 Kd7 56. g4 Kc7 57. Kg5 Kb7 58. Ra4 Kb6
59. f6 1-0

[Event "Tarragona op 6th"]
[Site "Tarragona"]
[Date "2005.08.23"]
[Round "4"]
[White "Krivoshey, Sergei"]
[Black "Kazhgaleyev, Murtas"]
[Result "1/2-1/2"]
[WhiteElo "2500"]
[BlackElo "2619"]
[PlyCount "60"]
[EventDate "2005.08.20"]
[EventType "swiss"]
[EventRounds "9"]
[EventCountry "ESP"]
[Source "ChessBase"]
[SourceDate "2005.11.04"]

1. d4 Nf6 2. c4 g6 3. Nc3 Bg7 4. e4 d6 5. Nf3 O-O 6. Be2 e5 7. O-O Nc6 8. d5
Ne7 9. Ne1 Nd7 10. Nd3 f5 11. Bd2 fxe4 12. Nxe4 Nf5 13. Bc3 Nf6 14. Bf3 Kh8 15.
Nxf6 Qxf6 16. Be4 Bd7 17. Qd2 g5 18. f3 Rf7 19. Rae1 Raf8 20. Nf2 h5 21. Bd3 g4
22. Ne4 Qg6 23. fxg4 hxg4 24. Qc1 Qh5 25. Qg5 Qh7 26. Qc1 Bh6 27. Bd2 Bxd2 28.
Qxd2 Qg6 29. Qg5 Kg7 30. Ra1 Rh8 1/2-1/2

[Event "CRO-chT"]
[Site "Sibenik"]
[Date "2005.10.03"]
[Round "4.5"]
[White "Markus, Robert"]
[Black "Fedorov, Alexei"]
[Result "1/2-1/2"]
[WhiteElo "2579"]
[BlackElo "2616"]
[PlyCount "45"]
[EventDate "2005.10.01"]
[EventType "team"]
[EventRounds "11"]
[EventCountry "CRO"]
[Source "ChessBase"]
[SourceDate "2005.11.04"]

1. d4 Nf6 2. c4 g6 3. Nc3 Bg7 4. e4 d6 5. Nf3 O-O 6. Be2 e5 7. Be3 Ng4 8. Bg5
f6 9. Bh4 Nc6 10. d5 Ne7 11. Nd2 Nh6 12. f3 c5 13. Rb1 g5 14. Bf2 f5 15. h3 Ng6
16. g4 fxg4 17. hxg4 Nf4 18. Rh2 Qf6 19. Be3 Bd7 20. Rf2 Nh3 21. Rh2 Nf4 22.
Rf2 Nh3 23. Rh2 1/2-1/2

[Event "CRO-chT"]
[Site "Sibenik"]
[Date "2005.10.07"]
[Round "9.2"]
[White "Gyimesi, Zoltan"]
[Black "Fedorov, Alexei"]
[Result "1-0"]
[WhiteElo "2624"]
[BlackElo "2616"]
[PlyCount "55"]
[EventDate "2005.10.01"]
[EventType "team"]
[EventRounds "11"]
[EventCountry "CRO"]
[Source "ChessBase"]
[SourceDate "2005.11.04"]

1. d4 Nf6 2. c4 g6 3. Nc3 Bg7 4. e4 d6 5. Nf3 O-O 6. Be2 e5 7. O-O Nc6 8. d5
Ne7 9. b4 Nh5 10. Re1 a5 11. bxa5 Rxa5 12. Nd2 Nf4 13. Bf1 c5 14. a4 Ra6 15.
Ra3 h5 16. Nf3 f6 17. h4 Bg4 18. Be3 f5 19. Bxf4 exf4 20. Bd3 fxe4 21. Bxe4 Nf5
22. Bxf5 Rxf5 23. Re6 Kh7 24. Ne4 Bxf3 25. Rxf3 Qxh4 26. Rh3 Qd8 27. Qg4 Bf6
28. Rxh5+ 1-0

[Event "CRO-chT"]
[Site "Sibenik"]
[Date "2005.10.07"]
[Round "9.4"]
[White "Cvitan, Ognjen"]
[Black "Stevic, Hrvoje"]
[Result "1-0"]
[WhiteElo "2527"]
[BlackElo "2514"]
[PlyCount "91"]
[EventDate "2005.10.01"]
[EventType "team"]
[EventRounds "11"]
[EventCountry "CRO"]
[Source "ChessBase"]
[SourceDate "2005.11.04"]

1. c4 Nf6 2. Nf3 g6 3. d4 Bg7 4. Nc3 d6 5. e4 O-O 6. Be2 e5 7. Be3 exd4 8. Nxd4
Re8 9. f3 c6 10. Bf2 d5 11. exd5 cxd5 12. O-O Nc6 13. c5 Bd7 14. Qd2 Bf8 15.
Kh1 Rc8 16. Nxc6 bxc6 17. Ba6 Rb8 18. Ne2 Bc8 19. Bd3 Nd7 20. Nd4 Qf6 21. b4
Ne5 22. Rfe1 Bd7 23. Ba6 h5 24. Be3 Nc4 25. Bxc4 dxc4 26. Rac1 h4 27. h3 Re5
28. Bf2 Rd5 29. Rxc4 Rd8 30. Qe3 g5 31. Ne2 Be6 32. Rd4 Rxd4 33. Nxd4 Bxa2 34.
Nxc6 Rd7 35. Ne5 Re7 36. Ng4 Qg6 37. Qd2 Rxe1+ 38. Qxe1 Bg7 39. b5 Bc4 40. Ne5
Bxe5 41. Qxe5 f6 42. Qb8+ Kg7 43. c6 Qb1+ 44. Bg1 Qa2 45. Qb7+ Kg6 46. c7 1-0

[Event "Hamburg Junge op"]
[Site "Hamburg"]
[Date "2005.10.08"]
[Round "8"]
[White "Ftacnik, Lubomir"]
[Black "Nijboer, Friso"]
[Result "0-1"]
[WhiteElo "2612"]
[BlackElo "2545"]
[PlyCount "118"]
[EventDate "2005.10.01"]
[EventType "swiss"]
[EventRounds "9"]
[EventCountry "GER"]
[Source "ChessBase"]
[SourceDate "2005.11.04"]

1. d4 Nf6 2. Nf3 g6 3. c4 Bg7 4. Nc3 O-O 5. e4 d6 6. Be2 e5 7. O-O Nc6 8. d5
Ne7 9. a4 a5 10. Ne1 Nd7 11. Nd3 f5 12. exf5 Nxf5 13. Ra3 Nb6 14. b3 c6 15.
dxc6 bxc6 16. c5 dxc5 17. Nxc5 Qxd1 18. Rxd1 Nd4 19. Bd3 Bf5 20. Ra2 Bxd3 21.
Nxd3 Nd5 22. Nxd5 cxd5 23. Bb2 Nc6 24. Raa1 Rfc8 25. Rac1 Bh6 26. Rc5 e4 27.
Ne5 Nxe5 28. Rxc8+ Rxc8 29. Bxe5 Kf7 30. Kf1 Ke6 31. Bd4 Rc2 32. Rb1 Bf4 33.
Rb2 Rc1+ 34. Ke2 Be5 35. Bxe5 Kxe5 36. b4 axb4 37. Rxb4 Rc2+ 38. Ke1 h5 39. h4
d4 40. Rb5+ Kf4 41. Rb6 d3 42. Rxg6 Re2+ 43. Kf1 Ra2 44. Ke1 Rxa4 45. Rg8 Ra1+
46. Kd2 Ra2+ 47. Ke1 Re2+ 48. Kf1 e3 49. Rf8+ Ke4 50. Re8+ Kd4 51. fxe3+ Rxe3
52. Rd8+ Kc3 53. Rc8+ Kd2 54. Rc5 Re4 55. Rxh5 Rf4+ 56. Kg1 Kc3 57. Ra5 d2 58.
Ra1 Ra4 59. Rf1 Re4 0-1

[Event "Chigorin mem 13th"]
[Site "St Petersburg"]
[Date "2005.10.20"]
[Round "6"]
[White "Popov, Valerij"]
[Black "Khairullin, Ildar"]
[Result "1/2-1/2"]
[WhiteElo "2588"]
[BlackElo "2537"]
[PlyCount "37"]
[EventDate "2005.10.15"]
[EventType "swiss"]
[EventRounds "9"]
[EventCountry "RUS"]
[Source "ChessBase"]
[SourceDate "2005.11.04"]

1. c4 Nf6 2. Nc3 g6 3. d4 Bg7 4. e4 d6 5. Nf3 O-O 6. Be2 e5 7. O-O exd4 8. Nxd4
Re8 9. f3 Nc6 10. Be3 Nh5 11. Qd2 Nf4 12. Rfd1 Nxd4 13. Bxd4 Bxd4+ 14. Qxd4
Nxe2+ 15. Nxe2 b6 16. Rd2 Bb7 17. Rb1 Qg5 18. Nc3 Re7 19. Qf2 1/2-1/2

[Event "Chigorin mem 13th"]
[Site "St Petersburg"]
[Date "2005.10.22"]
[Round "8"]
[White "Vitiugov, Nikita"]
[Black "Khairullin, Ildar"]
[Result "1/2-1/2"]
[WhiteElo "2538"]
[BlackElo "2537"]
[PlyCount "41"]
[EventDate "2005.10.15"]
[EventType "swiss"]
[EventRounds "9"]
[EventCountry "RUS"]
[Source "ChessBase"]
[SourceDate "2005.11.04"]

1. d4 Nf6 2. Nf3 g6 3. c4 Bg7 4. Nc3 d6 5. e4 O-O 6. Be2 e5 7. O-O exd4 8. Nxd4
Re8 9. f3 Nc6 10. Be3 Nh5 11. Qd2 Nf4 12. Rfd1 Nxd4 13. Bxd4 Bxd4+ 14. Qxd4
Nxe2+ 15. Nxe2 b6 16. Nc3 Bb7 17. b4 Qg5 18. Rac1 Re7 19. c5 dxc5 20. bxc5 Rae8
21. Qc4 1/2-1/2

[Event "Srajber mem 9th"]
[Site "Subotica"]
[Date "2005.12.05"]
[Round "5"]
[White "Sedlak, Nikola"]
[Black "Fontaine, Robert"]
[Result "1/2-1/2"]
[WhiteElo "2512"]
[BlackElo "2507"]
[PlyCount "25"]
[EventDate "2005.12.02"]
[EventType "tourn"]
[EventRounds "11"]
[EventCountry "YUG"]
[EventCategory "9"]
[Source "ChessBase"]
[SourceDate "2006.01.03"]

1. Nf3 Nf6 2. c4 g6 3. Nc3 Bg7 4. e4 d6 5. d4 O-O 6. Be2 e5 7. O-O Nc6 8. d5
Ne7 9. Ne1 Ne8 10. Be3 f5 11. f3 f4 12. Bf2 g5 13. c5 1/2-1/2

[Event "EU-Cup 21st"]
[Site "Saint Vincent"]
[Date "2005.09.19"]
[Round "2"]
[White "Roiz, Michael"]
[Black "Radjabov, Teimour"]
[Result "1-0"]
[WhiteElo "2593"]
[BlackElo "2682"]
[PlyCount "101"]
[EventDate "2005.09.18"]
[EventType "team"]
[EventRounds "7"]
[EventCountry "ITA"]
[Source "ChessBase"]
[SourceDate "2006.01.31"]

1. d4 Nf6 2. Nf3 g6 3. c4 Bg7 4. Nc3 O-O 5. e4 d6 6. Be2 e5 7. Be3 Ng4 8. Bg5
f6 9. Bh4 g5 10. Bg3 Nh6 11. d5 f5 12. exf5 g4 13. Nd2 Bxf5 14. Nf1 Nd7 15. Ne3
e4 16. O-O Nc5 17. Rc1 a5 18. Nxg4 Nxg4 19. Bxg4 Qg5 20. Bxf5 Rxf5 21. Qc2 e3
22. Rce1 exf2+ 23. Bxf2 Raf8 24. Ne4 Nxe4 25. Qxe4 Be5 26. Be3 Rxf1+ 27. Rxf1
Rxf1+ 28. Kxf1 Qh5 29. h3 Bxb2 30. Qe6+ Kg7 31. Qd7+ Qf7+ 32. Qxf7+ Kxf7 33. a4
Kf6 34. Ke2 Kf5 35. Kd3 h5 36. Bd2 b6 37. Ke3 Bf6 38. Kf3 Kg6 39. g4 Bh4 40.
gxh5+ Kxh5 41. Ke4 Kg6 42. Bf4 Bf6 43. Bg3 Kg5 44. c5 dxc5 45. Bxc7 b5 46. axb5
a4 47. d6 a3 48. d7 a2 49. Be5 Bd8 50. Kd5 Kf5 51. Ba1 1-0

[Event "Asia-ch 5th"]
[Site "Hyderabad"]
[Date "2005.10.15"]
[Round "9"]
[White "Xu Jun"]
[Black "Zhou Jianchao"]
[Result "1-0"]
[WhiteElo "2582"]
[BlackElo "2516"]
[PlyCount "51"]
[EventDate "2005.10.05"]
[EventType "team"]
[EventRounds "9"]
[EventCountry "IND"]
[Source "ChessBase"]
[SourceDate "2006.01.31"]

1. d4 Nf6 2. c4 g6 3. Nc3 Bg7 4. e4 d6 5. Be2 O-O 6. Nf3 e5 7. O-O Nc6 8. d5
Ne7 9. b4 Nh5 10. Re1 h6 11. Nd2 Nf4 12. Bf1 g5 13. c5 f5 14. g3 Nfg6 15. Nc4
f4 16. a4 h5 17. Qxh5 Bf6 18. cxd6 cxd6 19. Nb5 Kg7 20. Nbxd6 Rh8 21. Qe2 g4
22. gxf4 Nh4 23. Ra3 Neg6 24. f5 Be7 25. Qxg4 Rg8 26. Rg3 1-0

[Event "Bundesliga 0506"]
[Site "Germany"]
[Date "2005.10.22"]
[Round "1.5"]
[White "Nyback, Tomi"]
[Black "Stellwagen, Daniel"]
[Result "1-0"]
[WhiteElo "2563"]
[BlackElo "2561"]
[PlyCount "65"]
[EventDate "2005.10.21"]
[EventType "team"]
[EventRounds "15"]
[EventCountry "GER"]
[Source "ChessBase"]
[SourceDate "2006.01.31"]
[WhiteTeam "Werder Bremen"]
[BlackTeam "Solingen"]
[WhiteTeamCountry "GER"]
[BlackTeamCountry "GER"]

1. d4 Nf6 2. c4 g6 3. Nc3 Bg7 4. e4 d6 5. Nf3 O-O 6. Be2 e5 7. O-O Nc6 8. d5
Ne7 9. b4 Nh5 10. Re1 f5 11. Ng5 Nf6 12. Bf3 c6 13. b5 cxd5 14. cxd5 h6 15. Ne6
Bxe6 16. dxe6 Rc8 17. Bb2 fxe4 18. Nxe4 Nxe4 19. Rxe4 d5 20. Rxe5 Bxe5 21. Bxe5
Qb6 22. Bb2 Kh7 23. Qe2 d4 24. h4 Rf6 25. Re1 d3 26. Qe5 Rcf8 27. Bc3 d2 28.
Bxd2 Rf5 29. Qe4 Rxb5 30. h5 Qd6 31. Bc3 Qf4 32. hxg6+ Nxg6 33. Qd3 1-0

[Event "Reggio Emilia 48th"]
[Site "Reggio Emilia"]
[Date "2005.12.29"]
[Round "1"]
[White "Yevseev, Denis"]
[Black "Kotronias, Vasilios"]
[Result "1/2-1/2"]
[WhiteElo "2554"]
[BlackElo "2626"]
[PlyCount "68"]
[EventDate "2005.12.29"]
[EventType "tourn"]
[EventRounds "9"]
[EventCountry "ITA"]
[EventCategory "9"]
[Source "ChessBase"]
[SourceDate "2006.03.10"]

1. d4 Nf6 2. c4 g6 3. Nc3 Bg7 4. e4 d6 5. Be2 O-O 6. Nf3 e5 7. Be3 c6 8. O-O
exd4 9. Nxd4 Re8 10. f3 d5 11. cxd5 Nxd5 12. Nxd5 cxd5 13. Qb3 Nc6 14. Rad1
Bxd4 15. Bxd4 Nxd4 16. Rxd4 Qf6 17. Rd2 Qf4 18. Qxd5 Qe3+ 19. Rf2 Be6 20. Qd4
Qxd4 21. Rxd4 Bxa2 22. Rd7 Rab8 23. Bb5 Re5 24. Bf1 Bb3 25. Rc7 a5 26. Rd2 b5
27. Rd4 g5 28. g3 b4 29. Bc4 Bxc4 30. Rcxc4 Rb6 31. b3 Kg7 32. Rd2 Rbe6 33. Kf2
g4 34. fxg4 Rxe4 1/2-1/2

[Event "Platonov mem 4th"]
[Site "Kiev"]
[Date "2006.01.09"]
[Round "2"]
[White "Shishkin, Vadim"]
[Black "Kruppa, Yuri"]
[Result "1/2-1/2"]
[WhiteElo "2545"]
[BlackElo "2541"]
[PlyCount "70"]
[EventDate "2006.01.08"]
[EventType "tourn"]
[EventRounds "9"]
[EventCountry "UKR"]
[EventCategory "8"]
[Source "ChessBase"]
[SourceDate "2006.03.10"]

1. d4 Nf6 2. c4 g6 3. Nc3 Bg7 4. e4 d6 5. Be2 O-O 6. Nf3 e5 7. Be3 Na6 8. O-O
Ng4 9. Bg5 Qe8 10. dxe5 dxe5 11. h3 f6 12. Bd2 Nh6 13. c5 Nxc5 14. Qc1 Nf7 15.
Nd5 Ne6 16. Nxc7 Nxc7 17. Qxc7 Nd8 18. Rfc1 Kh8 19. Bc4 Ne6 20. Qd6 Rf7 21. Be3
Bd7 22. a4 Bf8 23. Qd1 Bc6 24. Qb3 Re7 25. Bd5 Bxd5 26. exd5 Ng7 27. Nd2 Rd7
28. Ne4 Qf7 29. Rd1 Nf5 30. a5 h6 31. Rac1 Nxe3 32. Qxe3 f5 33. Nc3 e4 34. Kf1
Bg7 35. Rd2 Kh7 1/2-1/2

[Event "Gibraltar Masters"]
[Site "Gibraltar"]
[Date "2006.01.30"]
[Round "7"]
[White "Georgiev, Kiril"]
[Black "Bologan, Viktor"]
[Result "1-0"]
[WhiteElo "2645"]
[BlackElo "2661"]
[PlyCount "103"]
[EventDate "2006.01.24"]
[EventType "swiss"]
[EventRounds "10"]
[EventCountry "ENG"]
[Source "ChessBase"]
[SourceDate "2006.03.10"]

1. d4 Nf6 2. c4 g6 3. Nc3 Bg7 4. e4 d6 5. Nf3 O-O 6. Be2 e5 7. Be3 Ng4 8. Bg5
f6 9. Bh4 g5 10. Bg3 Nh6 11. d5 f5 12. exf5 Nxf5 13. Nd2 Nd4 14. O-O Nxe2+ 15.
Qxe2 Qe8 16. Nde4 Qg6 17. f3 Bf5 18. h3 h5 19. c5 dxc5 20. Nxc5 Nd7 21. Ne6
Bxe6 22. dxe6 Qxe6 23. Ne4 Bh6 24. Rfd1 g4 25. fxg4 hxg4 26. Qxg4+ Qxg4 27.
hxg4 Be3+ 28. Kh2 Bd4 29. Rac1 c5 30. g5 a5 31. b3 Ra6 32. Kh3 Kg7 33. Kg4 Rc6
34. Rf1 b5 35. Rxf8 Nxf8 36. Be1 b4 37. Bd2 Ng6 38. g3 Ne7 39. Kf3 Nd5 40. Ke2
Nb6 41. Kd3 c4+ 42. bxc4 Na4 43. Ke2 Nb6 44. c5 Nd7 45. Be3 Nf8 46. Bxd4 exd4
47. Kd3 Ne6 48. Kc4 Rc8 49. Kd5 Re8 50. Nd6 Nc7+ 51. Kc6 Re2 52. Nf5+ 1-0

[Event "Nova Gorica op 11th"]
[Site "Nova Gorica"]
[Date "2006.01.30"]
[Round "7"]
[White "Markus, Robert"]
[Black "Kozul, Zdenko"]
[Result "1/2-1/2"]
[WhiteElo "2595"]
[BlackElo "2600"]
[PlyCount "73"]
[EventDate "2006.01.27"]
[EventType "swiss"]
[EventRounds "9"]
[EventCountry "SLO"]
[Source "ChessBase"]
[SourceDate "2006.03.10"]

1. d4 Nf6 2. c4 g6 3. Nc3 Bg7 4. e4 d6 5. Nf3 O-O 6. Be2 e5 7. Be3 c6 8. d5 Ng4
9. Bg5 f6 10. Bh4 h5 11. Nd2 Nh6 12. h3 Nf7 13. g4 hxg4 14. Bxg4 Na6 15. Nb3
Bh6 16. Bxc8 Rxc8 17. Qg4 Kg7 18. Rg1 Bg5 19. Bxg5 fxg5 20. h4 cxd5 21. exd5
Qc7 22. Nd2 Nb4 23. Qe4 Nh8 24. Rg4 Qd7 25. f3 Qf5 26. Qxf5 Rxf5 27. Ke2 Nf7
28. Rc1 Rh8 29. a3 Na6 30. Rcg1 Rxh4 31. Nce4 Rxg4 32. Rxg4 b6 33. b4 Nc7 34.
Nf1 Ne8 35. Ne3 Rf4 36. Ng2 Rf5 37. Ne3 1/2-1/2

[Event "Bundesliga 0506"]
[Site "Germany"]
[Date "2005.12.11"]
[Round "6.4"]
[White "Bischoff, Klaus"]
[Black "Stellwagen, Daniel"]
[Result "1/2-1/2"]
[WhiteElo "2555"]
[BlackElo "2561"]
[PlyCount "124"]
[EventDate "2005.10.21"]
[EventType "team"]
[EventRounds "15"]
[EventCountry "GER"]
[Source "ChessBase"]
[SourceDate "2006.04.04"]
[WhiteTeam "Tegernsee"]
[BlackTeam "Solingen"]
[WhiteTeamCountry "GER"]
[BlackTeamCountry "GER"]

1. d4 Nf6 2. c4 g6 3. Nc3 Bg7 4. e4 d6 5. Nf3 O-O 6. Be2 e5 7. d5 a5 8. Bg5 h6
9. Bh4 Na6 10. Nd2 Bd7 11. a3 Qe8 12. b3 Nh7 13. f3 f5 14. Bf2 h5 15. Rb1 Nc5
16. Qc2 Bh6 17. O-O Nf6 18. b4 axb4 19. axb4 fxe4 20. bxc5 e3 21. Be1 exd2 22.
Bxd2 Bxd2 23. Qxd2 Qb8 24. cxd6 cxd6 25. Bd3 Kg7 26. Qg5 Be8 27. Ne4 Nxe4 28.
Bxe4 Qc7 29. h4 b6 30. Kh2 Rf4 31. Ra1 Ra5 32. Rfb1 Bf7 33. g3 Rf6 34. Qc1 Qc5
35. Kg2 Rxa1 36. Rxa1 b5 37. cxb5 Qxb5 38. Qd2 Qb6 39. Ra8 Qb7 40. Qa2 Qb5 41.
Rc8 Qb7 42. Qc2 Qb5 43. Rc7 Qb6 44. Qc3 Qb5 45. Qd2 Qb6 46. Rc4 Qa6 47. Rb4 Qa5
48. Qb2 Qc5 49. Rb7 Qc4 50. Rb4 Qc5 51. Kh2 Qe3 52. Rb3 Qc5 53. Rb7 Qc4 54. Kg2
Qc5 55. Qd2 Qc4 56. Rb4 Qc5 57. Rb3 Qc4 58. Rc3 Qb4 59. Qc2 Qd4 60. Rc4 Qb6 61.
Rc3 Qd4 62. Rc4 Qb6 1/2-1/2

[Event "FIDE World Cup"]
[Site "Khanty Mansiysk"]
[Date "2005.11.27"]
[Round "1.1"]
[White "Ibraev, Nurlan"]
[Black "Mamedyarov, Shakhriyar"]
[Result "1-0"]
[WhiteElo "2508"]
[BlackElo "2674"]
[PlyCount "81"]
[EventDate "2005.11.27"]
[EventType "k.o."]
[EventRounds "7"]
[EventCountry "RUS"]
[Source "ChessBase"]
[SourceDate "2006.04.04"]

1. Nf3 Nf6 2. c4 g6 3. Nc3 Bg7 4. e4 O-O 5. d4 d6 6. Be2 e5 7. O-O Nc6 8. d5
Ne7 9. b4 Nh5 10. Re1 f5 11. Ng5 Nf6 12. Bf3 c6 13. Be3 h6 14. Ne6 Bxe6 15.
dxe6 fxe4 16. Nxe4 Nxe4 17. Bxe4 d5 18. cxd5 cxd5 19. Bc5 dxe4 20. Qxd8 Rfxd8
21. Bxe7 Re8 22. Bc5 b6 23. Be3 Rxe6 24. a4 Bf8 25. b5 Rd8 26. Rec1 g5 27. Kf1
Red6 28. Ke2 Rd4 29. Rc7 Rb4 30. Ra2 Rd3 31. Rxa7 Rb1 32. f3 Rbb3 33. Bxb6
exf3+ 34. gxf3 Rxf3 35. Rc2 e4 36. Bd4 Rbd3 37. Rd7 Rh3 38. Rc8 Rxh2+ 39. Ke1
Rh1+ 40. Kf2 e3+ 41. Ke2 1-0

[Event "FIDE World Cup"]
[Site "Khanty Mansiysk"]
[Date "2005.11.28"]
[Round "1.2"]
[White "Cheparinov, Ivan"]
[Black "Fedorov, Alexei"]
[Result "1/2-1/2"]
[WhiteElo "2618"]
[BlackElo "2616"]
[PlyCount "47"]
[EventDate "2005.11.27"]
[EventType "k.o."]
[EventRounds "7"]
[EventCountry "RUS"]
[Source "ChessBase"]
[SourceDate "2006.04.04"]

1. d4 Nf6 2. c4 g6 3. Nc3 Bg7 4. e4 d6 5. Nf3 O-O 6. Be2 e5 7. O-O Nc6 8. d5
Ne7 9. Ne1 Nd7 10. f3 f5 11. g4 Kh8 12. Nd3 Ng8 13. Kh1 f4 14. Rg1 g5 15. Bd2
h5 16. h3 Rf6 17. Rc1 Rh6 18. Kg2 Bf8 19. b4 Ne7 20. c5 Ng6 21. cxd6 Bxd6 22.
Nb5 Nf6 23. Nf2 Bd7 24. a4 1/2-1/2

[Event "FIDE World Cup"]
[Site "Khanty Mansiysk"]
[Date "2005.11.28"]
[Round "1.2"]
[White "Khalifman, Alexander"]
[Black "Inarkiev, Ernesto"]
[Result "1/2-1/2"]
[WhiteElo "2653"]
[BlackElo "2577"]
[PlyCount "99"]
[EventDate "2005.11.27"]
[EventType "k.o."]
[EventRounds "7"]
[EventCountry "RUS"]
[Source "ChessBase"]
[SourceDate "2006.04.04"]

1. d4 Nf6 2. c4 g6 3. Nc3 Bg7 4. e4 d6 5. Nf3 O-O 6. Be2 e5 7. O-O Nc6 8. d5
Ne7 9. Ne1 Nd7 10. Be3 f5 11. f3 f4 12. Bf2 g5 13. Rc1 a6 14. Nd3 b6 15. b4 Rf6
16. c5 Rh6 17. Na4 Qe8 18. Kh1 Rb8 19. cxd6 cxd6 20. Rc7 b5 21. Nac5 dxc5 22.
bxc5 Rb7 23. Rxb7 Bxb7 24. a4 Kh8 25. axb5 axb5 26. c6 Bxc6 27. dxc6 Nxc6 28.
Qb3 Qb8 29. Nb4 Nd4 30. Bxd4 exd4 31. Qd5 Nf6 32. Qxb5 Qxb5 33. Bxb5 Nxe4 34.
Ra1 Ng3+ 35. Kg1 Bf8 36. hxg3 Bxb4 37. gxf4 Bc5 38. Rc1 Bb6 39. Bd3 gxf4 40.
Re1 Rc6 41. Kf1 Ba5 42. Re4 Rc1+ 43. Ke2 Re1+ 44. Kf2 Rd1 45. Rxd4 Rd2+ 46. Kf1
Rd1+ 47. Kf2 Rd2+ 48. Kf1 Bb6 49. Ke1 Bxd4 50. Kxd2 1/2-1/2

[Event "FIDE World Cup"]
[Site "Khanty Mansiysk"]
[Date "2005.11.30"]
[Round "2.1"]
[White "Bacrot, Etienne"]
[Black "Kempinski, Robert"]
[Result "1-0"]
[WhiteElo "2725"]
[BlackElo "2619"]
[PlyCount "55"]
[EventDate "2005.11.27"]
[EventType "k.o."]
[EventRounds "7"]
[EventCountry "RUS"]
[Source "ChessBase"]
[SourceDate "2006.04.04"]

1. d4 Nf6 2. c4 g6 3. Nc3 Bg7 4. e4 O-O 5. Be2 d6 6. Nf3 e5 7. Be3 Na6 8. O-O
Ng4 9. Bg5 Qe8 10. dxe5 dxe5 11. h3 Nf6 12. Be3 b6 13. a3 Bb7 14. Qc2 Nh5 15.
b4 Nf4 16. c5 Nxe2+ 17. Qxe2 f5 18. Rfc1 bxc5 19. b5 Nb8 20. Bxc5 Rf7 21. Ng5
Rd7 22. Rd1 h6 23. Qc4+ Kh8 24. Qe6 Qxe6 25. Nxe6 fxe4 26. Be3 Bc8 27. Nd5 Rxd5
28. Nxc7 1-0

[Event "RUS-ch Superfinal"]
[Site "Moscow"]
[Date "2005.12.22"]
[Round "4"]
[White "Kramnik, Vladimir"]
[Black "Zvjaginsev, Vadim"]
[Result "1/2-1/2"]
[WhiteElo "2739"]
[BlackElo "2659"]
[PlyCount "77"]
[EventDate "2005.12.19"]
[EventType "tourn"]
[EventRounds "11"]
[EventCountry "RUS"]
[EventCategory "17"]
[Source "ChessBase"]
[SourceDate "2006.04.04"]

1. d4 Nf6 2. c4 g6 3. Nc3 Bg7 4. e4 d6 5. Nf3 O-O 6. Be2 e5 7. O-O Nc6 8. d5
Ne7 9. Bd2 Kh8 10. Rc1 b6 11. b4 Nd7 12. Ne1 f5 13. f3 Ng8 14. Nd3 Ndf6 15. c5
Bh6 16. cxd6 cxd6 17. Bxh6 Nxh6 18. Qd2 f4 19. Nb5 Ne8 20. Qc3 Qe7 21. Nc7 Nxc7
22. Qxc7 Bd7 23. Nf2 Rfc8 24. Qb7 Rcb8 25. Qa6 Bc8 26. Qa3 a6 27. Rc6 Bd7 28.
Rc7 Ng8 29. Rfc1 Nf6 30. Qb2 Kg8 31. Bf1 Ne8 32. R7c3 Qd8 33. Qd2 Nf6 34. Rc7
Ne8 35. R7c3 Nf6 36. Rc7 Ne8 37. R7c2 Nf6 38. Rc3 Ra7 39. Qc2 1/2-1/2

[Event "Corus-B"]
[Site "Wijk aan Zee"]
[Date "2006.01.24"]
[Round "9"]
[White "L'Ami, Erwin"]
[Black "Stellwagen, Daniel"]
[Result "1/2-1/2"]
[WhiteElo "2550"]
[BlackElo "2573"]
[PlyCount "61"]
[EventDate "2006.01.14"]
[EventType "tourn"]
[EventRounds "13"]
[EventCountry "NED"]
[EventCategory "15"]
[Source "ChessBase"]
[SourceDate "2006.04.04"]

1. d4 Nf6 2. c4 g6 3. Nc3 Bg7 4. e4 d6 5. Nf3 O-O 6. Be2 e5 7. O-O Nc6 8. d5
Ne7 9. b4 Nh5 10. Re1 f5 11. Ng5 Nf4 12. Bxf4 exf4 13. Rc1 Bf6 14. Ne6 Bxe6 15.
dxe6 Bxc3 16. Rxc3 fxe4 17. Bf1 e3 18. fxe3 fxe3 19. Rcxe3 c6 20. Kh1 d5 21.
Rf3 Rxf3 22. Qxf3 Qf8 23. Qg3 Qf6 24. cxd5 cxd5 25. Bd3 Rf8 26. Qc7 Qh4 27. Rb1
Rf2 28. Qxb7 Qg4 29. Qb8+ Kg7 30. Qe5+ Kg8 31. Qb8+ 1/2-1/2